000 00358nam a2200157Ia 4500
003 OSt
005 20231208040435.0
008 170523s9999 xx 000 0 und d
020 _a81-85386-36-6
040 _ciimt
100 _aBLAKE- LAWRENCE
245 4 _aTHE ABC OF MANAGEMENT
260 _bAITBS PUBLICATION DIS
260 _c2002
942 _2ddc
_c02
999 _c1222
_d1222